000 00241nam a2200109Ia 4500
008 220216s9999 xx 000 0 und d
100 _aLeong Tat Thim
245 0 _aOptimum task size
650 _aRubber
650 _aTask size
942 _cJS
999 _c64454
_d64454